Word Ladder: Canadian Baseball Quiz Stats

 Plays Quiz Updated Aug 31, 2016

Challenge
Share
Tweet
Embed
Score 0/16 Timer 02:00
0 Plays Today
Clue 4-Letter Word % Correct
Elmer's adhesive productGLUE
97.6%
A sound from a dogBARK
95.6%
Toronto baseball team: ___ [last rung]BLUE
95.6%
To shut forcefully and loudlySLAM
95%
Common farm buildingBARN
94.5%
Gloomy, sullen or depressedGLUM
91.7%
A group of people working toward a common goalTEAM
91.4%
1970s rock genreGLAM
90.4%
Clue 4-Letter Word % Correct
A set of stitches joining pieces of fabricSEAM
90.1%
Toronto baseball team: [first rung] ___JAYS
89.7%
The Swiss capitalBERN
89%
A fixed period of time or a specific wordTERM
80.4%
A fish or a tall stringed instrumentBASS
80.3%
Lay out in the sun to tanBASK
80.2%
An earthen wallBERM
78.8%
A card game that pinochle came fromJASS
70.5%

Today's Daily Dose

Missing Word
No Snow!

Word Ladder
Wild Cats

On This Day
December 16th II

You're not logged in!

Compare scores with friends on all Sporcle quizzes.
OR
Log In

You Might Also Like...

Show Comments

Extras

Top Quizzes Today


Score Distribution

Your Account Isn't Verified!

In order to create a playlist on Sporcle, you need to verify the email address you used during registration. Go to your Sporcle Settings to finish the process.

Report this User

Report this user for behavior that violates our Community Guidelines.

Details: